000 00311nam a22001331a 4500
020 _a9788176901949
082 _aM 909
_bGAY/K
100 _aGayatri
245 _aKalyum nagarikathayum/
_cby Gayatri
260 _aThrissur:
_bKerala Sahitya Academi,
_c2009.
300 _a91p.
650 _aHistory
942 _cBK
999 _c22663
_d22663